On The Economy Of Kenya: Pastoral Letter Of The Catholic Bishops Of Kenya, June, 1999. (Record no. 4998)

MARC details
000 -LEADER
fixed length control field 00388nam a22001217a 4500
008 - FIXED-LENGTH DATA ELEMENTS--GENERAL INFORMATION
fixed length control field 000530s1999 ke b 000 0 eng
020 ## - ISBN
International Standard Book Number 9966214496
050 00 - LIBRARY OF CONGRESS CALL NUMBER
Classification Number BX 1682
Item Number .K4 1999
245 00 - TITLE
Title On The Economy Of Kenya: Pastoral Letter Of The Catholic Bishops Of Kenya, June, 1999.
260 ## - PUBLICATION, DISTRIBUTION, ETC.(IMPRINT)
Place of publication, distribution, etc Nairobi:
Name of publisher, distributor, etc Paulines Publications Africa,
Date of publication, distribution, etc 1999.
300 ## - PHYSICAL DESCRIPTION
Extent 24 p.
Dimensions 21 cm.
942 ## - ADDED ENTRY ELEMENTS(KOHA)
Source of classification or shelving scheme Library of Congress Classification
Koha item type Books
Holdings
Source of classification or shelving scheme Use Restrictions Not for loan Location (home branch) Sublocation (holding branch) Shelving Location Date accessioned Full call number Barcode Koha item type
Library of Congress Classification Restricted Access Not For Loan Jesuit Historical Institute in Africa Jesuit Historical Institute in Africa General Stacks 04/10/2016 BX 1682 .K4 1999 12187 Books